| 000 | 01660nas a2200277Ia 4500 | ||
|---|---|---|---|
| 001 | R235-R2395 | ||
| 003 | IT-CnALBA | ||
| 008 | 170116c99999999xx |||||||||||| ||und|| | ||
| 040 |
_aIT-CnALBA _cIT-CnALBA |
||
| 041 | _aITALIANO | ||
| 100 | _aAMORTH D. GABRIELE, SSP. | ||
| 210 | _aMADRE DI DIO | ||
| 222 | _aMADRE DI DIO | ||
| 245 | 0 | _aMADRE DI DIO. N. V. ANNO LV. MAGGIO 1987. MENSILE MARIANO. | |
| 250 | _a1a ed. | ||
| 260 |
_aCINISELLO BALSAMO (MI) _bEDIZIONI PAOLINE _c1987 |
||
| 300 | _a36 p. | ||
| 310 | _aMENSILE | ||
| 362 | _aFascicolo: 5 / Anno: 55 (1987) | ||
| 500 | _aPRESENZA DI MARIA. MAMMA ENRICHETTA. SOMIGLIANZA CON DIO, DONO. FEDE E DEVOZIONE. RUM A. FATTI E PERSONE, ROSARIO DEL PAPA. PASQUA VITA DELL'UOMO. PIERACCINI M. ANNO MARIANO ED EVANGELIZZAZIONE UGENTI A. ENCICLICA REDEMPTORIS MATER, MADRE DEL REDENTORE. S. AMBROGIO PADRE DELLA MARIOLOGIA OCCIDENTALE. GAMBERO L. L'ATTRICE ULLA JACOBSSON CONVERSIONE AL CATTOLICESIMO, PELLEGRINA A LOURDES. MADONNA DI S. MARCO, ROMA. GUGLIARA A. | ||
| 501 | _aSocietà San Paolo EM - Piazza San Paolo, 14 - 12051 ALBA (CN) (non commercial uses only) ® Copyright 2017 | ||
| 520 | _aPRESENZA DI MARIA. MAMMA ENRICHETTA. SOMIGLIANZA CON DIO, DONO. FEDE E DEVOZIONE. RUM A. FATTI E PERSONE, ROSARIO DEL PAPA. PASQUA VITA DELL'UOMO. PIERACCINI M. ANNO MARIANO ED EVANGELIZZAZIONE UGENTI A. ENCICLICA REDEMPTORIS MATER, MADRE DEL REDENTORE. S. AMBROGIO PADRE DELLA MARIOLOGIA OCCIDENTALE. GAMBERO L. L'ATTRICE ULLA JACOBSSON CONVERSIONE AL CATTOLICESIMO, PELLEGRINA A LOURDES. MADONNA DI S. MARCO, ROMA. GUGLIARA A. | ||
| 650 | _aANGELI SANTI DEMONI | ||
| 942 | _cCR | ||
| 957 | _71 | ||
| 999 |
_a12373 _bNO _g1 _c320470 _d320470 |
||